000
00337 a2200169 4500
001
183403
020
_a
85-322-5206-0
040
_c
Magnum
100
_a
Machado, Ana Maria
240
1
0
_a
João bobo
_l
por
245
1
0
_a
João bobo
300
_a
29
362
0
_a
2004
440
1
_a
FTD
697
_a
LITERATURA INFANTO
942
_c
BK
999
_c
183403
_d
183403